[Event "Pohár města Říčany 2020"]
[Site "Městské kulturní středisko U labutě"]
[Date "2020.08.28"]
[Round "8.1"]
[White "Zvolensky, David"]
[Black "Vojta, Tomas"]
[Result "1-0"]
[WhiteElo "2048"]
[BlackElo "2328"]
[PlyCount "0"]
[EventDate "2020.08.22"]

1. e4 c6 2. Nc3 d5 3. Nf3 dxe4 4. Nxe4 Nf6 5. Qe2 Nxe4 6. Qxe4 Qd5 7. Qh4 Qe6+
8. Be2 Qg4 9. Qg3 Qxg3 10. hxg3 Bf5 11. d3 Nd7 12. Nh4 Be6 13. Be3 Nb6 14. c4
O-O-O 15. a4 Kb8 16. a5 Nc8 17. Bf4+ Ka8 18. a6 g6 19. axb7+ Kxb7 20. Ra4 Nb6
21. Rb4 Bd7 22. Be5 Rg8 23. c5 e6 24. d4 Ka8 25. O-O Nd5 26. Ra4 Bc8 27. Rxa7+
Kxa7 28. Ra1+ Ba6 29. Bxa6 Bd6 30. Bxd6 Rxd6 31. cxd6 Kb6 32. Nf3 Ra8 33. Ne5 c5
34. Nd7+ Kc6 35. Bb5+ 1-0

[Event "Pohár města Říčany 2020"]
[Site "Městské kulturní středisko U labutě"]
[Date "2020.08.28"]
[Round "8.2"]
[White "Rut, Vojtech"]
[Black "Elias, Jakub"]
[Result "0-1"]
[WhiteElo "2043"]
[BlackElo "1937"]
[PlyCount "0"]
[EventDate "2020.08.22"]

1. d4 Nf6 2. Nf3 e6 3. Bf4 b6 4. Nbd2 Bb7 5. e3 Be7 6. Bd3 d5 7. Ne5 O-O 8. Qf3
c5 9. c3 Nbd7 10. Qh3 Re8 11. Ndf3 Ne4 12. Bb5 Nxe5 13. Nxe5 Rf8 14. f3 Nd6
15. Bd3 f5 16. g4 Bg5 17. Bxg5 Qxg5 18. f4 Qe7 19. Rg1 cxd4 20. exd4 Ne4
21. gxf5 Rxf5 22. Bxe4 dxe4 23. O-O-O Raf8 24. Rg3 Rxf4 25. Rdg1 R4f7 26. Nxf7
Rxf7 27. Rg5 Bd5 28. Rh5 Rf3 29. Qh4 Qf8 30. Rxg7+ Kxg7 31. Rxh7+ Kg6 32. Qh5+
Kf6 33. Rh8 Qf7 34. Qe5+ Kg6 35. Qh5+ Kf6 36. Qh4+ Kf5 37. Rh5+ Qxh5 38. Qxh5+
Kf4 39. Qh4+ Ke3 40. Qe1+ Kf4 41. b3 b5 42. Qh4+ Ke3 43. Qg5+ Ke2 44. Qg2+ Ke1
45. Qg1+ Ke2 46. Qd1+ Kf2 47. h4 e3 48. Qh1 e2 49. Kd2 Rd3+ 50. Kxd3 Bxh1 0-1

[Event "Pohár města Říčany 2020"]
[Site "Městské kulturní středisko U labutě"]
[Date "2020.08.28"]
[Round "8.3"]
[White "Plischki, Sebastian"]
[Black "Stanek, Ondrej"]
[Result "1-0"]
[WhiteElo "2356"]
[BlackElo "2074"]
[PlyCount "0"]
[EventDate "2020.08.22"]

1. c4 Nf6 2. Nc3 e6 3. d4 Bb4 4. e3 O-O 5. Ne2 d5 6. a3 Be7 7. cxd5 exd5 8. Nf4
b6 9. Be2 Bb7 10. O-O Nbd7 11. b4 c6 12. b5 cxb5 13. Bxb5 a6 14. Bxd7 Qxd7
15. a4 a5 16. Ba3 Bxa3 17. Rxa3 Ba6 18. Re1 Bc4 19. Ra1 Rfb8 20. Qf3 Rb7
21. Reb1 Rc8 22. h3 h6 23. Rb2 Rc6 24. Rab1 Qf5 25. Qd1 Ne4 26. Nxe4 Qxe4
27. Qd2 Qe8 28. Nd3 Rd6 29. Nc5 Rb8 30. Qc2 Qc6 31. e4 f6 32. f4 Re8 33. e5 bxc5
34. exd6 cxd4 35. Qg6 1-0

[Event "Pohár města Říčany 2020"]
[Site "Městské kulturní středisko U labutě"]
[Date "2020.08.28"]
[Round "8.4"]
[White "Zizka, Petr"]
[Black "Petr, Jakub"]
[Result "0-1"]
[WhiteElo "2046"]
[BlackElo "2236"]
[PlyCount "0"]
[EventDate "2020.08.22"]

1. b3 e5 2. Bb2 Nc6 3. e3 Nf6 4. Nf3 e4 5. Ne5 Nxe5 6. Bxe5 d5 7. d4 exd3
8. Bxd3 Bd6 9. Bb2 Bg4 10. f3 Be6 11. Nd2 Qe7 12. Qe2 O-O-O 13. O-O h5 14. c4
dxc4 15. Nxc4 Bxc4 16. Bxc4 Ng4 17. fxg4 Bxh2+ 18. Kxh2 hxg4+ 19. Kg1 Rh1+
20. Kf2 Qh4+ 21. g3 Rh2+ 22. Ke1 Qxg3+ 23. Qf2 Rxf2 24. Rxf2 Qxe3+ 25. Be2 g3
26. Rg2 Rh8 27. Kd1 Rh1+ 28. Kc2 Qe4+ 0-1

[Event "Pohár města Říčany 2020"]
[Site "Městské kulturní středisko U labutě"]
[Date "2020.08.28"]
[Round "8.5"]
[White "Skypala, Ondrej"]
[Black "Cermak, Jan"]
[Result "1-0"]
[WhiteElo "2129"]
[BlackElo "1971"]
[PlyCount "0"]
[EventDate "2020.08.22"]

1. c4 g6 2. Nc3 Bg7 3. g3 d6 4. Bg2 e5 5. d3 Ne7 6. e3 Nbc6 7. Nge2 O-O 8. O-O
Be6 9. Nd5 Rb8 10. Nec3 Qd7 11. Re1 Nd8 12. Nxe7+ Qxe7 13. Rb1 c6 14. b4 Bd7
15. Ba3 Ne6 16. Qd2 f5 17. b5 Nc7 18. b6 axb6 19. Rxb6 Na8 20. Rbb1 Nc7 21. d4
exd4 22. exd4 Qf6 23. Ne2 Rfe8 24. d5 Bf8 25. Nf4 g5 26. Bb2 Qf7 27. Nd3 h6
28. Qa5 Rec8 29. Qc3 Bg7 30. Qxg7+ Qxg7 31. Bxg7 Kxg7 32. Re7+ 1-0

[Event "Pohár města Říčany 2020"]
[Site "Městské kulturní středisko U labutě"]
[Date "2020.08.28"]
[Round "8.6"]
[White "Horak, Jan"]
[Black "Pecka, Jan"]
[Result "1/2-1/2"]
[WhiteElo "2029"]
[BlackElo "1610"]
[PlyCount "0"]
[EventDate "2020.08.22"]

1. d4 Nf6 2. Nf3 e6 3. e3 b6 4. Bd3 Bb7 5. Nbd2 c5 6. O-O Be7 7. b3 O-O 8. Bb2
d6 9. Rc1 Nbd7 10. c4 Re8 11. Bb1 Bf8 12. Qe2 e5 13. dxe5 dxe5 14. Rfd1 Qc7
15. Nf1 Rad8 16. e4 Qc6 17. Ng3 Qe6 18. Bc3 g6 19. Qb2 Bh6 20. Bd2 Bxd2 21. Qxd2
Qe7 22. Qg5 Qf8 23. Rd2 h6 24. Qe3 Kg7 25. Bc2 Qe7 26. Rcd1 Rc8 27. Nh4 Kh7
28. Qf3 Nb8 29. Rd6 Ng8 30. Qg4 Rc6 31. R6d2 Bc8 32. Qf3 Rc7 33. Ngf5 gxf5
34. exf5 Nf6 1/2-1/2

[Event "Pohár města Říčany 2020"]
[Site "Městské kulturní středisko U labutě"]
[Date "2020.08.28"]
[Round "8.7"]
[White "Koper, Stefan"]
[Black "Rehak, Martin"]
[Result "1/2-1/2"]
[WhiteElo "1871"]
[BlackElo "2023"]
[PlyCount "0"]
[EventDate "2020.08.22"]

1. d4 Nf6 2. c4 g6 3. Nc3 Bg7 4. e4 d6 5. Nge2 O-O 6. h3 c5 7. d5 b5 8. cxb5 a6
9. bxa6 Bxa6 10. Ng3 Bxf1 11. Nxf1 Qa5 12. Bd2 Nbd7 13. Ne3 Rfb8 14. Nc4 Qa6
15. Qe2 Nb6 16. Nxb6 Rxb6 17. Qxa6 Raxa6 18. Rb1 Nd7 19. O-O Bxc3 20. Bxc3 Rxa2
21. f4 Nf6 22. Rfe1 Ra4 23. Ra1 Raa6 24. Rxa6 Rxa6 25. e5 dxe5 26. Rxe5 Rd6
27. Rxe7 Nxd5 28. Kf1 {necitelne} 1/2-1/2

[Event "Pohár města Říčany 2020"]
[Site "Městské kulturní středisko U labutě"]
[Date "2020.08.28"]
[Round "8.8"]
[White "Kopecky, Jiri"]
[Black "Hrdina, Robin"]
[Result "1/2-1/2"]
[WhiteElo "1921"]
[BlackElo "2243"]
[PlyCount "0"]
[EventDate "2020.08.22"]

1. e4 c5 2. c3 Nf6 3. e5 Nd5 4. d4 cxd4 5. cxd4 e6 6. Nf3 b6 7. Nc3 Nxc3
8. bxc3 Qc7 9. Bb2 Bb7 10. Bd3 Be7 11. O-O O-O 12. Rc1 d6 13. c4 Nd7 14. exd6
Bxd6 15. Re1 h6 16. h3 Rac8 17. Qe2 Rfd8 18. Rc2 Bb4 19. Rd1 Qf4 20. Bc1 Qf6
21. Be4 Bxe4 22. Qxe4 Nc5 23. Qe2 Nb7 24. c5 bxc5 25. a3 Ba5 26. Qa6 Qe7 27. Ne5
Bb6 28. Be3 f6 29. Ng6 Qf7 30. Rdc1 Na5 31. dxc5 Qxg6 32. cxb6 Rxc2 33. Rxc2
Qxc2 34. bxa7 Qd1+ 35. Kh2 Qd5 36. Bb6 Qd6+ 37. g3 Qc6 1/2-1/2

[Event "Pohár města Říčany 2020"]
[Site "Městské kulturní středisko U labutě"]
[Date "2020.08.28"]
[Round "8.9"]
[White "Plasek, Zdenek"]
[Black "Kupsa, Matej"]
[Result "0-1"]
[WhiteElo "1967"]
[BlackElo "2079"]
[PlyCount "0"]
[EventDate "2020.08.22"]

1. d4 d5 2. c4 e6 3. Nf3 c6 4. e3 f5 5. Qb3 Nf6 6. Nc3 Bd6 7. g3 O-O 8. Ne5
Nbd7 9. Nxd7 Qxd7 10. Bg2 g5 11. h4 g4 12. O-O Rb8 13. Bd2 b6 14. Rfd1 Kh8
15. cxd5 exd5 16. Bf1 Ne4 17. Be1 a5 18. Bd3 b5 19. Rac1 Qe7 20. Ne2 a4 21. Qc2
Bd7 22. a3 Rf6 23. Nf4 Rg8 24. Bf1 Rh6 25. Bg2 Qd8 26. Nd3 Re8 27. Nc5 Be7
28. Nd3 Bf6 29. Nf4 Bxh4 30. gxh4 Qxh4 31. Kf1 Qh2 32. Ke2 Ng5 33. Kd3 Ne6
34. Nxe6 Rhxe6 35. Bf1 f4 36. Qd2 Qh1 37. Be2 f3 38. Kc3 fxe2 39. Qxe2 Qe4
40. Qd3 Rf6 41. Qxe4 Rxe4 42. Rd3 h5 43. Kb4 Rf3 44. Bc3 0-1

[Event "Pohár města Říčany 2020"]
[Site "Městské kulturní středisko U labutě"]
[Date "2020.08.28"]
[Round "8.10"]
[White "Otruba, Marek"]
[Black "Lhotsky, Frantisek"]
[Result "1/2-1/2"]
[WhiteElo "2079"]
[BlackElo "1975"]
[PlyCount "0"]
[EventDate "2020.08.22"]

1. e4 e5 2. Nf3 Nc6 3. d4 exd4 4. Nxd4 Nf6 5. Nc3 Bb4 6. Nxc6 bxc6 7. Bd3 O-O
8. O-O d5 9. exd5 Bg4 10. f3 Bh5 11. dxc6 Qd4+ 12. Kh1 Bxc3 13. bxc3 Qxc3
14. Rb1 Bg6 15. Rb5 Qxc6 16. Ba3 Rfd8 17. Qe2 Bxd3 18. cxd3 Rab8 19. Rc1 Qd7
20. Rxb8 Rxb8 21. Qc2 Nd5 22. h3 h6 23. Bc5 g6 24. Qc4 Qe6 25. Bf2 Rb2 26. Re1
Re2 27. Rxe2 Qxe2 28. Qxd5 Qxf2 29. Qd8+ Kh7 1/2-1/2

[Event "Pohár města Říčany 2020"]
[Site "Městské kulturní středisko U labutě"]
[Date "2020.08.28"]
[Round "8.11"]
[White "Petras, Milan"]
[Black "Ocelak, Jakub"]
[Result "1/2-1/2"]
[WhiteElo "1996"]
[BlackElo "1949"]
[PlyCount "0"]
[EventDate "2020.08.22"]

1. Nf3 d5 2. g3 e6 3. Bg2 f5 4. O-O Nf6 5. d3 Bd6 6. Nc3 O-O 7. e4 dxe4 8. dxe4
Nc6 9. Qe2 e5 10. exf5 Bxf5 11. Ng5 Nd4 12. Qc4+ Kh8 1/2-1/2

[Event "Pohár města Říčany 2020"]
[Site "Městské kulturní středisko U labutě"]
[Date "2020.08.28"]
[Round "8.12"]
[White "Svoboda, Jaromir"]
[Black "Voracek, Zdenek"]
[Result "1-0"]
[WhiteElo "1977"]
[BlackElo "1903"]
[PlyCount "0"]
[EventDate "2020.08.22"]

1. e4 Nf6 2. e5 Nd5 3. d4 d6 4. Nf3 Bg4 5. Be2 e6 6. O-O Be7 7. h3 Bh5 8. c4
Nb6 9. Nc3 O-O 10. Be3 d5 11. c5 Bxf3 12. gxf3 N6d7 13. f4 f5 14. Bf3 Kh8 15. b4
c6 16. Kh2 Rg8 17. Rg1 Nf8 18. Rb1 b6 19. b5 bxc5 20. dxc5 Qa5 21. Qc2 Nfd7
22. bxc6 Nxc6 23. Nxd5 Bxc5 24. Bxc5 Nxc5 25. Rbd1 exd5 26. Rxd5 Qa4 27. Rxc5
Qxf4+ 28. Rg3 Nd4 29. Qd3 Rad8 30. Kg2 Ne6 31. Rd5 Qc1 32. Qd1 Qxd1 33. Rxd1
Rxd1 34. Bxd1 Rd8 35. Rc3 1-0

[Event "Pohár města Říčany 2020"]
[Site "Městské kulturní středisko U labutě"]
[Date "2020.08.28"]
[Round "8.13"]
[White "Le, Anh Dung"]
[Black "Bartos, Vaclav"]
[Result "1-0"]
[WhiteElo "1616"]
[BlackElo "1976"]
[PlyCount "0"]
[EventDate "2020.08.22"]

1. e4 c6 2. d4 d5 3. Nc3 dxe4 4. Nxe4 Bf5 5. Ng3 Bg6 6. h4 h6 7. h5 Bh7 8. Nf3
e6 9. Bd3 Bxd3 10. Qxd3 Nf6 11. Bd2 Nbd7 12. O-O-O Qc7 13. Kb1 Bd6 14. Ne4 Nxe4
15. Qxe4 Nf6 16. Qd3 O-O-O 17. c4 Rhe8 18. Bc3 Kb8 19. Qe2 Ka8 20. a3 Rb8
21. Ne5 b5 22. Qf3 Rec8 23. c5 Bxe5 24. dxe5 Nd5 25. Rh4 Qd7 26. Rg4 f5 27. exf6
gxf6 28. b4 e5 29. Rg6 Re8 30. Kc2 Qh7 31. Rd3 Rf8 32. Rxd5 cxd5 33. Qxd5+ Rb7
34. c6 Rb6 35. c7+ Rb7 36. Qd8+ Rxd8 37. cxd8=Q+ Rb8 38. Qd5+ 1-0

[Event "Pohár města Říčany 2020"]
[Site "Městské kulturní středisko U labutě"]
[Date "2020.08.28"]
[Round "8.14"]
[White "Hejsek, Lukas"]
[Black "Neuhoff, Laertes"]
[Result "1/2-1/2"]
[WhiteElo "1991"]
[BlackElo "1700"]
[PlyCount "0"]
[EventDate "2020.08.22"]

1. d4 d5 2. Nf3 e6 3. c4 Nf6 4. g3 dxc4 5. Bg2 Bb4+ 6. Bd2 a5 7. a3 Bxd2+
8. Nbxd2 b5 9. a4 c6 10. O-O O-O 11. Qc2 Bb7 12. e4 Nbd7 13. e5 Nd5 14. Ne4 N7b6
15. Nd6 Ba6 16. Nd2 Nc8 17. N6e4 Nb4 18. Qc3 Nd3 19. axb5 cxb5 20. Qxa5 Qxd4
21. Nf6+ gxf6 22. Bxa8 Qxb2 23. Qxa6 Qxd2 24. Qxb5 Nxe5 25. Rfd1 Qc2 26. Qb1 Qe2
27. Qe4 Qxe4 28. Bxe4 Ne7 29. f4 N5g6 30. Rdc1 Rc8 31. Ra8 Rxa8 32. Bxa8 Kg7
33. Rxc4 Kh6 34. Rc7 Kg7 35. Be4 f5 36. Bf3 Ng8 37. Kf2 Nf6 38. h4 h5 39. Ke3
Kg8 40. Kd4 Kg7 41. Rb7 Kg8 42. Ra7 Kg7 43. Be2 Kg8 44. Bd3 Kg7 45. Kc5 Kg8
46. Kd6 Ne8+ 47. Kd7 Nf6+ 48. Kd8 Kg7 49. Bb5 Kf8 50. Bc6 Kg7 51. Be8 Nh8
52. Rb7 Kf8 1/2-1/2

[Event "Pohár města Říčany 2020"]
[Site "Městské kulturní středisko U labutě"]
[Date "2020.08.28"]
[Round "8.15"]
[White "Lhotsky, Zdenek"]
[Black "Salac, Jiri"]
[Result "0-1"]
[WhiteElo "1831"]
[BlackElo "1914"]
[PlyCount "0"]
[EventDate "2020.08.22"]

1. e4 c5 2. Nf3 d6 3. d4 cxd4 4. Nxd4 Nf6 5. Nc3 a6 6. Be3 e5 7. Nb3 Be7 8. f3
Be6 9. Qd2 b5 10. g4 Nbd7 11. O-O-O Nb6 12. Qf2 Nfd7 13. Kb1 Qc7 14. h4 Rc8
15. Nd5 Bxd5 16. exd5 Nc4 17. Bc1 Na3+ 18. bxa3 Qxc2+ 19. Ka1 Qxc1+ 0-1

[Event "Pohár města Říčany 2020"]
[Site "Městské kulturní středisko U labutě"]
[Date "2020.08.28"]
[Round "8.16"]
[White "Kubice, Jakub"]
[Black "Skala, Jaromir"]
[Result "1/2-1/2"]
[WhiteElo "1724"]
[BlackElo "1891"]
[PlyCount "0"]
[EventDate "2020.08.22"]

1. d4 c5 2. d5 e5 3. e4 d6 4. h3 a6 5. a4 g6 6. Nc3 Bg7 7. Nf3 Ne7 8. Bg5 f6
9. Bh4 O-O 10. Bd3 Qc7 11. Nd2 f5 12. Nc4 f4 13. f3 Bf6 14. Bxf6 Rxf6 15. a5 Nd7
16. Na4 Rb8 17. Qd2 Nf8 18. Nab6 Bd7 19. O-O g5 20. Be2 Nfg6 21. Kf2 1/2-1/2

[Event "Pohár města Říčany 2020"]
[Site "Městské kulturní středisko U labutě"]
[Date "2020.08.28"]
[Round "8.17"]
[White "Strnad, Michael"]
[Black "Mejzr, Jan"]
[Result "1-0"]
[WhiteElo "1813"]
[BlackElo "1849"]
[PlyCount "0"]
[EventDate "2020.08.22"]

1. e4 d6 2. d4 Nf6 3. Nc3 g6 4. g3 Bg7 5. Bg2 O-O 6. Nge2 e5 7. O-O c6 8. a4 a5
9. h3 Nh5 10. g4 Nf6 11. Be3 Na6 12. dxe5 dxe5 13. Qxd8 Rxd8 14. Bb6 Rd2
15. Bxa5 Rxc2 16. b4 b6 17. Bxb6 Nxb4 18. Rfd1 Ba6 19. Bf3 Bxe2 20. Nxe2 Bh6
21. a5 Bd2 22. Nc1 Bxc1 23. Raxc1 Rxc1 24. Rxc1 Nd7 25. Rc4 Nxb6 26. axb6 Ra1+
27. Kg2 Rb1 28. Be2 Rb2 29. b7 Na6 30. Rxc6 Rxe2 31. Rxa6 Rb2 1-0

[Event "Pohár města Říčany 2020"]
[Site "Městské kulturní středisko U labutě"]
[Date "2020.08.28"]
[Round "8.18"]
[White "Steiner, Juraj"]
[Black "Maslo, Ondrej"]
[Result "1-0"]
[WhiteElo "1953"]
[BlackElo "1834"]
[PlyCount "0"]
[EventDate "2020.08.22"]

1. d4 Nf6 2. c4 e5 3. dxe5 Ng4 4. Bf4 Nc6 5. Nf3 Bb4+ 6. Nbd2 Qe7 7. e3 Ngxe5
8. Be2 d6 9. O-O Be6 10. Nd4 Bxd2 11. Nxc6 Nxc6 12. Qxd2 O-O 13. Qc3 Bf5
14. Rfe1 Rfe8 15. Rad1 Rac8 16. Bf1 Ne5 17. e4 Bd7 18. b4 Qh4 19. Qe3 h6 20. Bg3
Qf6 21. Qxa7 Bc6 22. Qd4 Ra8 23. b5 Bd7 24. b6 Rxa2 25. bxc7 Bg4 26. Rd2 Rxd2
27. Qxd2 Rc8 28. c5 dxc5 29. h3 Be6 30. f4 Qg6 31. Kh2 Rxc7 32. Qd8+ 1-0

[Event "Pohár města Říčany 2020"]
[Site "Městské kulturní středisko U labutě"]
[Date "2020.08.28"]
[Round "8.19"]
[White "Svetly, Jiri"]
[Black "Sargsyan, Karen"]
[Result "1-0"]
[WhiteElo "1835"]
[BlackElo "1921"]
[PlyCount "0"]
[EventDate "2020.08.22"]

1. d4 e6 2. c4 Nf6 3. Nc3 d5 4. Bg5 Be7 5. e3 a6 6. cxd5 exd5 7. Bd3 O-O 8. Qc2
h6 9. Bh4 Nc6 10. a3 Be6 11. Bxf6 Bxf6 12. f4 Re8 13. O-O-O b5 14. Nf3 b4
15. Ne2 Bd7 16. Ne5 Bxe5 17. fxe5 bxa3 18. bxa3 Qe7 19. Qc3 Na7 20. Nf4 c6
21. a4 Be6 22. Kd2 a5 23. Rb1 Qc7 24. e4 Rec8 25. Ba6 Rd8 26. Rb7 1-0

[Event "Pohár města Říčany 2020"]
[Site "Městské kulturní středisko U labutě"]
[Date "2020.08.28"]
[Round "8.20"]
[White "Hadrava, Jaroslav"]
[Black "Holub, Adam"]
[Result "1-0"]
[WhiteElo "1883"]
[BlackElo "1746"]
[PlyCount "0"]
[EventDate "2020.08.22"]

1. e4 c5 2. Nf3 Nc6 3. Bb5 g6 4. O-O Bg7 5. Re1 e5 6. Nc3 d6 7. Nd5 a6 8. Bf1
Nge7 9. c3 O-O 10. h3 Be6 11. Ne3 h6 12. Nc2 Qb6 13. c4 Rae8 14. d3 f5 15. Rb1
Qc7 16. b4 b6 17. b5 axb5 18. Rxb5 f4 19. Nh2 g5 20. f3 h5 21. Be2 Ng6 22. Rf1
Rb8 23. Rf2 Bd7 24. Rb1 Ra8 25. a3 Na5 26. Na1 Ne7 27. Bf1 Nec6 28. Nb3 Rfb8
29. Rfb2 Nxb3 30. Qxb3 Nd4 31. Qc3 Kh7 32. Kh1 Bf6 33. Be2 Ra6 34. Bd1 Ba4
35. Bxa4 Rxa4 36. Ra2 Bd8 37. Nf1 Qd7 38. Qe1 Rba8 39. Qd1 Bc7 40. Bb2 Ne6
41. Rba1 Nd8 42. Nd2 Ne6 43. Nb1 Bd8 44. Nc3 R4a6 45. Nd5 Nc7 46. Nc3 b5
47. cxb5 Nxb5 48. a4 Nxc3 49. Bxc3 Ba5 50. Bxa5 Rxa5 51. Qb3 Kg6 52. Qd1 Rb8
53. Ra3 Rb4 54. Kh2 Qb7 55. Qe1 Qd7 56. d4 Raxa4 57. dxc5 dxc5 58. Rd1 Rd4
59. Rxa4 Qxa4 60. Ra1 Qb5 61. Ra5 Qb4 62. Ra6+ Kf7 63. Qa1 Qb8 64. Ra7+ Ke6
65. Qa6+ Qd6 66. Qc8+ Kf6 67. Qf5# 1-0

[Event "Pohár města Říčany 2020"]
[Site "Městské kulturní středisko U labutě"]
[Date "2020.08.28"]
[Round "8.21"]
[White "Pejrimovska, Viola Ruby"]
[Black "Pavlicek, Petr"]
[Result "0-1"]
[WhiteElo "1569"]
[BlackElo "1860"]
[PlyCount "0"]
[EventDate "2020.08.22"]

1. e4 e5 2. Nf3 Nc6 3. d4 exd4 4. Nxd4 Nf6 5. Nxc6 bxc6 6. e5 Qe7 7. Qe2 Nd5
8. c4 Nb6 9. Nc3 Qe6 10. Qe4 Bb4 11. Bd3 Bxc3+ 12. bxc3 Ba6 13. O-O Bxc4 14. f4
Qd5 15. Qxd5 cxd5 16. Bxc4 Nxc4 17. Rb1 O-O 18. Rb7 Rfc8 19. Kf2 Kf8 20. Be3
Nxe3 21. Kxe3 Ke8 22. Kd4 c6 23. Kc5 Ke7 24. f5 Rcb8 25. Rfb1 Rxb7 26. Rxb7 a5
27. a4 g6 28. g4 gxf5 29. gxf5 Rg8 30. Rb2 Rg4 31. Ra2 Rc4+ 32. Kb6 Rxc3 33. Rb2
d4 34. Kxa5 d3 35. Kb4 Rc2 36. Rb3 c5+ 37. Kb5 c4 38. Rb1 d2 39. Kc5 Rc1 40. Rb6
d1=Q 41. f6+ Kd8 42. a5 Qg1+ 43. Kd6 Rd1# 0-1

[Event "Pohár města Říčany 2020"]
[Site "Městské kulturní středisko U labutě"]
[Date "2020.08.28"]
[Round "8.22"]
[White "Popovsky, Ondrej"]
[Black "Vavrinec, Tomas"]
[Result "1/2-1/2"]
[WhiteElo "1766"]
[BlackElo "1927"]
[PlyCount "0"]
[EventDate "2020.08.22"]

1. b3 Nf6 2. Bb2 c5 3. e3 g6 4. c4 Bg7 5. d4 cxd4 6. exd4 d5 7. Bd3 O-O 8. Nf3
Nc6 9. Nc3 Bg4 10. Ne2 dxc4 11. bxc4 Bxf3 12. gxf3 Nh5 13. Be4 Rc8 14. Qd2 Na5
15. c5 Nc4 16. Qc2 Nxb2 17. Qxb2 Rxc5 18. Bxb7 Qc7 19. Be4 Rb8 20. Qd2 f5
21. Bd3 Rc6 22. O-O Rd8 23. Qb4 Bh6 24. Bb5 Rcd6 25. Qc4+ Qxc4 26. Bxc4+ Kg7
27. d5 Nf6 28. Nd4 Rc8 29. Nc6 e6 30. Bb3 a6 31. Rfd1 exd5 32. Nb4 d4 33. Rd3
Rcd8 34. Rad1 Nh5 35. Nd5 Rxd5 36. Bxd5 Nf4 37. Rxd4 Ne2+ 38. Kf1 Nxd4 39. Rxd4
Kf6 40. Rd3 Ke5 41. Bc4 Rc8 42. Bxa6 Rc1+ 43. Kg2 Rc2 44. a4 Bf8 45. Re3+ Kf4
46. Re2 1/2-1/2

[Event "Pohár města Říčany 2020"]
[Site "Městské kulturní středisko U labutě"]
[Date "2020.08.28"]
[Round "8.23"]
[White "Kuhnmund, Ivan"]
[Black "Lhotska, Anna"]
[Result "1/2-1/2"]
[WhiteElo "1682"]
[BlackElo "1793"]
[PlyCount "0"]
[EventDate "2020.08.22"]

1. e4 c5 2. g3 Nc6 3. Bg2 g6 4. f4 Bg7 5. Nf3 d6 6. O-O e5 7. d3 Nge7 8. c3 O-O
9. Na3 f5 10. Qb3+ Kh8 11. Ng5 Qe8 12. Nb5 Na5 13. Nxd6 Nxb3 14. Nxe8 Nxa1
15. Nc7 Rb8 16. Nge6 Bxe6 17. Nxe6 Rf6 18. Nxg7 Kxg7 19. Be3 Nc2 20. Bxc5 Rd8
21. Rc1 b6 22. Bf2 Rxd3 23. Rxc2 Rd1+ 24. Bf1 exf4 25. Bd4 Kg8 26. Kg2 f3+
27. Kf2 fxe4 28. Bc4+ Kf8 29. g4 Nc6 30. Bb5 Nxd4 31. cxd4 Re6 1/2-1/2

[Event "Pohár města Říčany 2020"]
[Site "Městské kulturní středisko U labutě"]
[Date "2020.08.28"]
[Round "8.24"]
[White "Chmelik, Ladislav"]
[Black "Harcuba, Adam"]
[Result "1/2-1/2"]
[WhiteElo "1774"]
[BlackElo "1637"]
[PlyCount "0"]
[EventDate "2020.08.22"]

1. d4 d5 2. Bf4 Nf6 3. Nf3 e6 4. e3 c5 5. c3 Nbd7 6. h3 Be7 7. Bd3 b6 8. Nbd2
Bb7 9. O-O O-O 10. Re1 Ne4 11. Ne5 Nxe5 12. Bxe5 f5 13. Bxe4 fxe4 14. Qg4 Rf7
15. Qxe6 Bc8 16. Qc6 Ba6 17. Nf1 Bd3 18. Qe6 Bh4 19. Bg3 Bxg3 20. Nxg3 Qf8
21. Nh1 Rd8 22. Rad1 Rd6 23. Qg4 Rg6 24. Qh4 c4 25. Rd2 Rf5 26. Ng3 Rf7 27. Qh5
Qd8 28. Qe5 Rg5 1/2-1/2

[Event "Pohár města Říčany 2020"]
[Site "Městské kulturní středisko U labutě"]
[Date "2020.08.28"]
[Round "8.25"]
[White "Vit, Zdenek"]
[Black "Kalvach, Ladislav"]
[Result "1/2-1/2"]
[WhiteElo "1703"]
[BlackElo "1761"]
[PlyCount "0"]
[EventDate "2020.08.22"]

1. e4 e5 2. Nf3 Nf6 3. Nxe5 d6 4. Nf3 Nxe4 5. d4 d5 6. Bd3 Bd6 7. O-O O-O 8. c4
c6 9. Nc3 Bg4 10. Nxe4 dxe4 11. Bxe4 f5 12. Bd3 Qc7 13. h3 Bh5 14. Be2 Nd7
15. c5 Be7 16. Ng5 Bxe2 17. Qxe2 Bxg5 18. Bxg5 Nf6 19. Bxf6 Rxf6 20. Rfe1 Rd8
21. Qc4+ Qf7 22. Rac1 1/2-1/2

[Event "Pohár města Říčany 2020"]
[Site "Městské kulturní středisko U labutě"]
[Date "2020.08.28"]
[Round "8.26"]
[White "Konvalinka, Vladislav"]
[Black "Dome, Michal"]
[Result "1/2-1/2"]
[WhiteElo "1731"]
[BlackElo "1802"]
[PlyCount "0"]
[EventDate "2020.08.22"]

1. d4 Nf6 2. c4 g6 3. Nf3 Bg7 4. g3 d6 5. Bg2 O-O 6. O-O Nc6 7. Nc3 e5 8. d5
Ne7 9. Qc2 Nd7 10. e4 f5 11. Nd2 f4 12. b3 a5 13. Na4 b6 14. Nb2 g5 15. g4 Nf6
16. h3 Kf7 17. Nf3 h6 18. Bd2 Rh8 19. Nh2 Ng6 20. a3 h5 21. f3 Rh6 22. Kf2 Nh4
23. b4 hxg4 24. Nxg4 Nxg4+ 25. hxg4 Nxg2 26. Kxg2 Qh8 27. Rh1 axb4 28. Rxh6 Bxh6
29. Bxb4 1/2-1/2

[Event "Pohár města Říčany 2020"]
[Site "Městské kulturní středisko U labutě"]
[Date "2020.08.28"]
[Round "8.27"]
[White "Rucabado, Stefan"]
[Black "Kacirek, Pavel"]
[Result "1-0"]
[WhiteElo "1570"]
[BlackElo "1778"]
[PlyCount "0"]
[EventDate "2020.08.22"]

1. c4 e5 2. g3 Nf6 3. Bg2 d5 4. cxd5 Nxd5 5. Nc3 Nb6 6. Nf3 Nc6 7. a3 Be7
8. O-O O-O 9. d3 f5 10. b4 Bf6 11. Bb2 Be6 12. Nd2 Nd5 13. Rc1 Nce7 14. Nc4 e4
15. dxe4 Nxc3 16. Bxc3 Bg5 17. Ne3 fxe4 18. Bxe4 Bxe3 19. fxe3 c6 20. Qc2 Bf5
21. Bxf5 Nxf5 22. Rxf5 1-0